ホロライブのフェスタイトル - Statistics

General Stats
  • This quiz has been taken 6 times
  • The average score is 2 of 6
Answer Stats
Hint Answer % Correct
4th hololive SUPER EXPO 2023 & hololive 4th fes. Our Bright Parade Supported By Bushiroad
100%
6th hololive SUPER EXPO 2025 & hololive 6th fes. Color Rise Harmony
80%
1st hololive 1st fes. ノンストップ・ストーリー
20%
5th hololive SUPER EXPO 2024 & hololive 5th fes. Capture the Moment
20%
2nd hololive 2nd fes. Beyond the Stage Supported By Bushiroad
0%
3rd hololive SUPER EXPO 2022 & hololive 3rd fes. Link Your Wish Supported By ヴァイスシュヴァルツ
0%
No matching quizzes found
Score Distribution
Percent of People with Each Score
Percentile by Number Answered
Your Score History
You have not taken this quiz